000 00634nam a2200253 a 4500
001 nice12345678
003 IN_TiNIC
005 20260116011856.0
008 050524s1880 a grp 000 0 eng
020 _a
_c100
082 0 0 _a492.09468
_bDAB
100 _aD`Abou `l-Walid, Merwan Ibn Djanah
245 _aOpuscules Et Traites
260 _a
_b
_c1880
300 _a398p
500 _aincludes index and biblioraphy
505 2 _aIndex
650 _aArabic-Hebrew Language-Spain
650 _aIslam-Relations Judaism
700 1 _aD`Abou `l-Walid, Merwan Ibn Djanah
902 _bRHR
942 _cBK
999 _c4629
_d4629